Pakistani Zubanay / (Record no. 525270)

000 -LEADER
fixed length control field 00465nam a22001697a 4500
003 - CONTROL NUMBER IDENTIFIER
control field NUST
038 ## - RECORD CONTENT LICENSOR
Staff Name waseem
082 ## - DEWEY DECIMAL CLASSIFICATION NUMBER
Classification number 891.4301
Author Mark BUT
100 ## - MAIN ENTRY--PERSONAL NAME
Personal name Butt, Mahmood-ul-Hassan
9 (RLIN) 16010
245 ## - TITLE STATEMENT
Title Pakistani Zubanay /
Statement of responsibility, etc. Mahmood-ul-Hassan Butt
260 ## - PUBLICATION, DISTRIBUTION, ETC.
Place of publication, distribution, etc. Islamabad :
Name of publisher, distributor, etc. A.I.O.U,
Date of publication, distribution, etc. 2009.
300 ## - PHYSICAL DESCRIPTION
Extent 587 p. ;
500 ## - GENERAL NOTE
General note Hardcover.
880 ## - ALTERNATE GRAPHIC REPRESENTATION
Linkage 100-01\r
Title محمودالحسن بٹ
880 ## - ALTERNATE GRAPHIC REPRESENTATION
Linkage 245-02\r
Title پاکستانی زبانیں /
942 ## - ADDED ENTRY ELEMENTS (KOHA)
Source of classification or shelving scheme
Koha item type Book
Holdings
Withdrawn status Lost status Source of classification or shelving scheme Damaged status Not for loan Permanent Location Current Location Shelving location Date acquired Total Checkouts Full call number Barcode Date last seen Price effective from Koha item type
          Central Library (CL) Central Library (CL) Punjabi Literature 06/29/2019   891.4301 BUT CL-E-329 06/29/2019 06/29/2019 Book
© 2023 Central Library, National University of Sciences and Technology. All Rights Reserved.